书目信息 |
| 题名: |
中文核心期刊要目总览
|
|
| 作者: | 陈建龙 , 张俊娥 主编 | |
| 分册: | 2023年版 | |
| 出版信息: | 北京 北京大学出版社 2024 |
|
| 页数: | 11, 1081页 | |
| 开本: | 26cm | |
| 丛书名: | ||
| 单 册: | ||
| 中图分类: | Z87 | |
| 科图分类: | ||
| 主题词: | 中文--Zhong Wen--核心期刊--期刊目录--中国--2023 | |
| 电子资源: | ||
| ISBN: | 978-7-301-34958-8 | |
| 000 | 00956nam0 2200265 450 | |
| 001 | 012024000099 | |
| 005 | 20241025111940.43 | |
| 010 | @a978-7-301-34958-8@b精装@dCNY550.00 | |
| 100 | @a20241025d2024 em y0chiy50 ea | |
| 101 | 0 | @achi |
| 102 | @aCN@b110000 | |
| 105 | @ay a 001yy | |
| 106 | @ar | |
| 200 | 1 | @a中文核心期刊要目总览@AZhong Wen He Xin Qi Kan Yao Mu Zong Lan@h2023年版@f陈建龙, 张俊娥主编 |
| 205 | @a第10版 | |
| 210 | @a北京@c北京大学出版社@d2024 | |
| 215 | @a11, 1081页@d26cm | |
| 300 | @a中国期刊订阅指南 | |
| 330 | @a本书使用分学科、多指标综合评价,以及定量评价与定性评价相结合的研究方法,从我国正在出版的中文期刊中评选出1987种核心期刊,具有较高的学术水平和使用价值。 | |
| 606 | 0 | @a中文@AZhong Wen@x核心期刊@x期刊目录@y中国@z2023 |
| 690 | @aZ87@v5 | |
| 701 | 0 | @a陈建龙@AChen Jian Long@f(1965-)@4主编 |
| 701 | 0 | @a张俊娥@AZhang Jun E@f(1967-)@4主编 |
| 801 | 0 | @aCN@bAHXH@c20241025 |
| 905 | @b214158588@f1@dZ87@e127=10 | |
| 中文核心期刊要目总览.2023年版/陈建龙, 张俊娥主编.-第10版.-北京:北京大学出版社,2024 |
| 11, 1081页;26cm |
| 中国期刊订阅指南 |
| ISBN 978-7-301-34958-8(精装):CNY550.00 |
| 本书使用分学科、多指标综合评价,以及定量评价与定性评价相结合的研究方法,从我国正在出版的中文期刊中评选出1987种核心期刊,具有较高的学术水平和使用价值。 |
| ● |
| 相关链接 |
|
|
|
|
正题名:中文核心期刊要目总览
索取号:Z87/127=10
 
预约/预借
| 序号 | 登录号 | 条形码 | 馆藏地/架位号 | 状态 | 备注 |
| 1 | 1415858 | 214158588 | 第二样本阅览室/ [索取号:Z87/127=10] | 在馆 |